• 首页
  • 本馆介绍
  • 公告通知
  • 最新文献
  • 馆藏检索
  • 电子资源
  • 读者导购
  • 参考咨询
  • 我的图书馆
  • 登录
  • 详细信息显示
  • 放入我的书架
  • 预约/预借图书
  • 作者相关作品
  • 分类相关作品
  • 丛书相关作品
  • 出版社相关作品

书目信息

  • 表格格式
  • 工作单格式
  • 卡片格式
题名:
梅谱
    
 
作者: 范成大, 著 ;程杰 校注
分册:  
出版信息: 郑州   中州古籍出版社  2016
页数: 441页
开本: 23cm
丛书名: 博雅经典
单 册:
中图分类: S685.17 , S685
科图分类:
主题词: 梅花--mei hua--文化研究--中国
电子资源:
ISBN: 978-7-5348-5154-4
000 01066nam 2200301 450
001 1675705213
005 20160602151957.5
010    @a978-7-5348-5154-4@dCNY42.00
100    @a20160602d2016 em y0chiy50 ea
101 0  @achi
102    @aCN@b410000
105    @aa a 000yy
106    @ar
200 1  @a梅谱@Amei pu@f(宋) 范成大等著@g程杰校注
210    @a郑州@c中州古籍出版社@d2016
215    @a441页@c图@d23cm
225 2  @a博雅经典@Abo ya jing dian
320    @a有书目 (第428-441页)
330    @a本书选择了中国历代最具代表性的梅谱作品8种,分别是:宋代托名僧人仲仁的《华光梅谱》、范成大《梅谱》、张?《玉照堂梅品》、宋伯仁《梅花喜神谱》、赵孟坚《梅谱》及陈景沂《全芳备祖》中梅的部分。元代选了吴太素《松斋梅谱》和王冕《梅谱》。对照各版本,加以校释。
333    @a梅文化研究人员。
410  0 @12001 @a博雅经典
606 0  @a梅花@Amei hua@x文化研究@y中国
690    @aS685.17@v5
690    @aS685@v4
701  0 @a范成大,@Afan cheng da@4著
702  0 @a程杰@Acheng jie@f1959-@4校注
801  0 @aCN@b江苏新华@c20150511
905    @aBZT@dS685@e140
    
    梅谱/(宋) 范成大等著/程杰校注.-郑州:中州古籍出版社,2016
    441页:图;23cm.-(博雅经典)
    使用对象:梅文化研究人员。
    
    ISBN 978-7-5348-5154-4:CNY42.00
    本书选择了中国历代最具代表性的梅谱作品8种,分别是:宋代托名僧人仲仁的《华光梅谱》、范成大《梅谱》、张?《玉照堂梅品》、宋伯仁《梅花喜神谱》、赵孟坚《梅谱》及陈景沂《全芳备祖》中梅的部分。元代选了吴太素《松斋梅谱》和王冕《梅谱》。对照各版本,加以校释。
●
相关链接 在五车中查询图书 在当当中查询图书 在豆瓣中查询图书


正题名:梅谱     索取号:S685/140         预约/预借

序号 登录号 条形码 馆藏地/架位号 状态 备注
1 800741   2000800741   第二书库/ [索取号:S685/140] 在馆    
2 800742   2000800742   第二书库/ [索取号:S685/140] 在馆    
3 800743   2000800743   第二书库/ [索取号:S685/140] 在馆    
山东省滨州职业学院图书馆 欢迎您!
大连网信软件有限公司© 版权所有